000
00215nam a22000977a 4500
100
_a
خان آفتاب
245
_a
خوراک اور نگھداشت
260
_a
لاھور
_c
1988
300
_a
189پ
942
_c
BK
999
_c
14967
_d
14967